The Place of mathematics in secondary education : (Record no. 51884)
[ view plain ]
| 000 -LEADER | |
|---|---|
| fixed length control field | 01152nam a2200241 a 4500 |
| 001 - CONTROL NUMBER | |
| control field | 51884 |
| 003 - CONTROL NUMBER IDENTIFIER | |
| rucl marc code | BD-RjUL |
| 005 - DATE AND TIME OF LATEST TRANSACTION | |
| control field | 20211209075727.0 |
| 008 - FIXED-LENGTH DATA ELEMENTS--GENERAL INFORMATION | |
| fixed length control field | 160904r19471940nyua|||| b||| 001 0 eng d |
| 035 ## - SYSTEM CONTROL NUMBER | |
| System control number | (BD-RjUL)52004 |
| 040 ## - CATALOGING SOURCE | |
| Original cataloging agency | BD-RjUL |
| Language of cataloging | eng |
| Transcribing agency | BD-RjUL |
| 041 ## - LANGUAGE CODE | |
| Language code of text/sound track or separate title | eng |
| 082 ## - DEWEY DECIMAL CLASSIFICATION NUMBER | |
| Edition number | 23 |
| Classification number | 375.51 |
| Author mark and year | NAP 1947 |
| 110 2# - MAIN ENTRY--CORPORATE NAME | |
| Corporate name or jurisdiction name as entry element | National Council of Teachers of Mathematics |
| 9 (RLIN) | 155188 |
| 245 14 - TITLE STATEMENT | |
| Title | The Place of mathematics in secondary education : |
| Remainder of title | the final report of the Joint Commission of the Mathematical Association of America and the National Council of Teachers of Mathematics / |
| Statement of responsibility, etc. | National Council of Teachers of Mathematics , Mathematical Association of America |
| 246 ## - VARYING FORM OF TITLE | |
| Title proper/short title | The National Council of Teachers of Mathematics :Fifteenth Yearbook |
| 260 ## - PUBLICATION, DISTRIBUTION, ETC. (IMPRINT) | |
| Place of publication, distribution, etc. | New York : |
| Name of publisher, distributor, etc. | Bureau of Publications, Teachers College, Columbia University, |
| Date of publication, distribution, etc. | c1940 [Printing 1947] |
| 300 ## - PHYSICAL DESCRIPTION | |
| Pagination | xvi, 253 p. : |
| Illustrations | ill. ; |
| Size | 24 cm. |
| 500 ## - GENERAL NOTE | |
| General note | At the head of Title: The National Council of Teachers of Mathematics :Fifteenth Yearbook |
| 504 ## - BIBLIOGRAPHY, ETC. NOTE | |
| Bibliography, etc | Includes bibliography and index. |
| 650 ## - SUBJECT ADDED ENTRY--TOPICAL TERM | |
| Topical term or geographic name as entry element | Mathematics |
| General subdivision | Study and teaching (Secondary) |
| 9 (RLIN) | 132939 |
| 942 ## - ADDED ENTRY ELEMENTS (KOHA) | |
| Source of classification or shelving scheme | Dewey Decimal Classification |
| Koha item type | Books |
| Lost status | Source of classification or shelving scheme | Damaged status | Not for loan | Collection code | Permanent Location | Current Location | Shelving location | Date acquired | Source of acquisition | Total Checkouts | Full call number | Date last seen | Copy number | Koha item type |
|---|---|---|---|---|---|---|---|---|---|---|---|---|---|---|
| Dewey Decimal Classification | Not For Loan | Non-fiction | Central Library, University of Rajshahi | Central Library, University of Rajshahi | Reading Room | 18/02/1958 | U.S.I.S, Dacca | 375.51 NAP 1947 | 04/09/2016 | C-1 | Books |